| 000 | 01359nam0a2200313 4500 | ||
|---|---|---|---|
| 001 | RU\NLR\bibl\553179 | ||
| 005 | 20260407075949.0 | ||
| 021 |
_aRU _b2004-46255 _92290 |
||
| 035 | _a(NLR Aleph) 000545342 | ||
| 090 |
_a1438717 _c1438717 |
||
| 100 | _a20040916d2004 |||y0rusy50 ca | ||
| 101 | 0 | _arus | |
| 102 | _aRU | ||
| 105 | _aa ||||||||| | ||
| 200 | 1 |
_aМолодежь и экономическая наука _eСт. и тез. докл. межвуз. науч. конф. молодых ученых и студентов _f[Ред. В.А. Иванова, Г.Д. Васецкая] |
|
| 210 |
_aКазань _cИзд-во КГФЭИ _d2004 |
||
| 215 |
_a286, [1] с. _cил. _d20 |
||
| 300 | _aВ надзаг.: М-во образования Рос. Федерации, М-во образования Респ. Татарстан, Каз. гос. фин.-экон. ин-т | ||
| 606 | 1 |
_aЭкономика _jСъезды, совещания и т.п. _91414491 _3RU\NLR\auth\66284709 |
|
| 686 | 1 | _aУ.я431 | |
| 702 | 1 |
_aИванова _bВ. А. _4340 |
|
| 712 | 0 | 1 |
_4570 _aРоссийская Федерация _bМинистерство образования _9280683 _3RU\NLR\AUTH\884572 |
| 801 | 0 |
_aRU _bNLR _c20040916 _gPSBO |
|
| 801 | 1 |
_aRU _bNLR _c20040916 |
|
| 942 | _cBOOK | ||
| 980 | _aNB | ||
| 980 | _aNBR | ||